|
|
|
|
| LEADER |
00950pam a22002658a 4500 |
| 001 |
00021328 |
| 005 |
20171026081022.0 |
| 008 |
110524s ||||||Viesd |
| 041 |
0 |
# |
|a Vie
|
| 082 |
1 |
4 |
|a 813
|b C301V
|
| 100 |
0 |
# |
|a Marchetti,Victor
|e Tác giả
|
| 245 |
0 |
0 |
|a C.I.A và bệnh sùng bái tình báo
|c Victor Marchetti, John D.Marks; Lê Văn, Trần Lê
|
| 260 |
# |
# |
|a H.
|b Công an nhân dân
|
| 300 |
# |
# |
|a 312 tr.
|c 19 cm.
|
| 650 |
# |
4 |
|a Mỹ
|
| 650 |
# |
4 |
|a Văn học hiện đại
|
| 653 |
# |
# |
|a Truyện tình báo
|
| 700 |
0 |
# |
|a D.Marks,John
|e Tác giả
|
| 700 |
0 |
# |
|a Lê Văn
|e Dịch
|
| 700 |
0 |
# |
|a Trần Lê
|e Dịch
|
| 852 |
# |
# |
|b Kho mượn
|j KM.0010027, KM.0009993, KM.0009992, KM.0011134
|
| 852 |
# |
# |
|b Kho đọc
|j KD.0006830
|
| 852 |
# |
# |
|j KD.0006830
|j KM.0011134
|j KM.0009992
|j KM.0010027
|
| 910 |
|
|
|d 24/05/2011
|
| 980 |
# |
# |
|a Trung tâm Học liệu Lê Vũ Hùng, Trường Đại học Đồng Tháp
|